[Event "Muensterland Verbandsklasse-B 1213"]
[Site "Germany"]
[Date "2013.01.26"]
[Round "5.5"]
[White "Schley, Robert"]
[Black "Robers, Frank"]
[Result "1/2-1/2"]
[WhiteElo "1556"]
[BlackElo "1638"]
[PlyCount "51"]
[EventDate "2012.09.15"]
[EventType "team-tourn"]
[EventRounds "9"]
[EventCountry "GER"]
[SourceTitle "EXT 2015"]
[Source "ChessBase"]
[SourceDate "2014.11.20"]
[SourceVersion "1"]
[SourceVersionDate "2014.11.20"]
[SourceQuality "1"]
[WhiteTeam "Stadtlohn"]
[BlackTeam "Gescher"]
[WhiteTeamCountry "GER"]
[BlackTeamCountry "GER"]

1. e4 c5 2. Nf3 d6 3. Be2 Nf6 4. c3 Nc6 5. d3 Qb6 6. 0-0 g6 7. d4 cxd4 8. cxd4 Nxe4 9. d5 Ne5 10. Nxe5 dxe5 11. Qa4+ Bd7 12. Qxe4 Bg7 13. Nc3 0-0 14. Qe3 Qb4 15. a3 Qd6 16. Bc4 Rac8 17. Ba2 f5 18. Qe2 Kh8 19. Kh1 e4 20. Bd2 b5 21. Rac1 b4 22. Nxe4 fxe4 23. Bxb4 Qe5 24. Bc3 Qf4 25. Bd2 Qd6 26. Bb4 1/2-1/2